000 00615cam a2200181 4500
001 D3334
008 090401t1976 xxu||||| |||| 00| 0 eng d
035 _a(Sirsi) u72828
041 _aeng
050 _a690.023
110 _aEconomic Development Committee for Building
_950
245 4 _aThe professions in the construction industries: a review of their role in determining the industries` performance and a prospectus for further work, prepared by the EDC`s for Building and Civil Engineering
260 _aLondon
_bHMSO
_c1976
300 _avi. 42p. 30cm
350 _a0
942 _n0
948 _c04/03/1997
999 _c95534
_d95534